Statystyki dla Najpopularniejsze utwory Reto.

Kliknij tutaj aby rozwiązać quiz!

Ogólne statystyki

  • Ten quiz został rozwiązany 127 razy
  • Średni wynik to 9 z 15

Statystyki odpowiedzi

WyświetleniaGośćUtwór% Poprawnych
86 mlnUA
90%
74 mlnPapierosy_rmx
84%
54 mlnQuebonafideSorry Dolores
82%
56 mlnBossman
81%
48 mlnBilly Kid
78%
13 mlnQryStary dobry ja
74%
41 mlnRS7
71%
14 mlnMinotaur
61%
9 mlnPaw
50%
15 mlnSmolastyCzemu nie?
44%
12 mlnPiotruś Pan
39%
12 mlnReal_Quick (Remix)
30%
12 mlnMówieże
28%
10 mlnBigStar
27%
15 mlnGIGI
27%

Rozkład punktacji

Percentyl według liczby udzielonych odpowiedzi

Procent ludzi z każdym wynikiem

Twoja historia wyników

Nie rozwiązałeś tego quizu